| 000 | 01208nam a2200229Ia 4500 | ||
|---|---|---|---|
| 001 | L952-44047 | ||
| 003 | IT-CnALBA | ||
| 008 | 170116s9999||||xx |||||||||||||| ||und|| | ||
| 040 |
_aIT-CnALBA _cIT-CnALBA |
||
| 041 | _aITALIANO | ||
| 100 | _aTRABUCCO CARLO, GIORNALISTA | ||
| 245 | 0 | _aPRETI D'OLTRE PIAVE. PAGINE EROICHE DEL VENETO INVASO. | |
| 250 | _a2a ed. | ||
| 260 |
_aROMA _bAVE, ANONIMA VERITA'S EDITRICE _c1938 [1° Ed.: n.d.] |
||
| 300 | _a269 p. | ||
| 500 | _aMOTIVO DEL LIBRO. SIMONATO GIOVANNI DEI CAMILLIANI. FRARE D. ANGELO. MORGANTINI D. G. TODESCATO G. DEI GIUSEPPINI. PILLA D. G. PIAZZA D. A. SARETTA MONSIGNORE L. MARIN D. V. ROSSETTO D. G. TROMBETTA D.T. LIVA V. MONSIGNORE. CHIERICO URLI F. GARDIN P., SAL | ||
| 501 | _aSocietà San Paolo EM - Piazza San Paolo, 14 - 12051 ALBA (CN) (non commercial uses only) ® Copyright 2017 | ||
| 520 | _aMOTIVO DEL LIBRO. SIMONATO GIOVANNI DEI CAMILLIANI. FRARE D. ANGELO. MORGANTINI D. G. TODESCATO G. DEI GIUSEPPINI. PILLA D. G. PIAZZA D. A. SARETTA MONSIGNORE L. MARIN D. V. ROSSETTO D. G. TROMBETTA D.T. LIVA V. MONSIGNORE. CHIERICO URLI F. GARDIN P., SAL | ||
| 650 | _aPRIMA GUERRA MONDIALE | ||
| 942 | _cBK | ||
| 957 | _71 | ||
| 999 |
_a49797 _bSI _g Copie: 1 _c302999 _d302999 |
||